000
00337nam a2200133Ia 4500
008
231017s9999 xx 000 0 und d
082
_a
625.72
082
_b
CAI
245
0
_a
Further aspects of the relationship between geometric features and crashes
245
0
_c
Austroads
260
_b
Austroads
300
_c
30cm
942
_c
REP
999
_c
605954
_d
605954